| 000 | 00729nam a22002057a 4500 | ||
|---|---|---|---|
| 003 | 0 | ||
| 005 | 20250902142005.0 | ||
| 008 | 250902b xxu||||| |||| 00| 0 eng d | ||
| 020 | _a978-1-98469-417-1 | ||
| 050 |
_aLB 1139.5 _b.D38 2025 |
||
| 100 |
_aDavis, Olivia, _eauthor. |
||
| 245 |
_aEarly literacy : _bfoundations and instructional practices / _cOlivia Davis. |
||
| 260 |
_aNew York, NY : _b3G E-Learning LLC, _c2025. |
||
| 300 |
_axviii, 268 pages : _bcolored illustrations ; _c26 cm. |
||
| 504 | _aIncludes bibliographical references and index. | ||
| 650 | _aReading (Early childhood). | ||
| 650 |
_aLiteracy _xStudy and teaching (Early childhood). |
||
| 650 | _aStudy and teaching (Early childhood). | ||
| 942 |
_2lcc _cBK |
||
| 999 |
_c367751 _d367751 |
||